Normal view MARC view
  • Ansoleaga, María Elisa

Entry Nombre Personal

Number of records used in: 1

001 - NUMERO DE CONTROL

  • campo de control: 58734

003 - IDENTIFICADOR DE NUMERO DE CONTROL

  • campo de control: MX-MxUPN

005 - FECHA Y HORA DE LA ÜLTIMA TRANSACCIÓN

  • campo de control: 20260210102346.0

008 - DATOS DE LONGITUD FIJA

  • campo de control de longitud fija: 260210|| aca||aabn | aaa d

040 ## - FUENTE DE CATALOGACIÓN

  • Agencia original de catalogación: MX-MxUPN
  • Lenguaje de catalogación: spa
  • Agencia de transcripción: MX-MxUPN

100 1# - ENCABEZAMIENTO - NOMBRE PERSONAL

  • Nombre personal: Ansoleaga, María Elisa

371 ## - DIRECCIÓN

  • Electronic mail address: maria.ansoleaga@udp.cl

373 ## - GRUPO ASOCIADO

  • Associated group: Universidad Diego Portales
  • Fuente del término: naf

377 ## - LENGUA ASOCIADA

  • Language code: spa

670 ## - FUENTE EN LA QUE SE LOCALIZARON DATOS

  • Cita de la fuente: Estudios pedagógicos, Vol. 51, no 2 (2025):
  • Información localizada: (María Elisa Ansoleaga; Universidad Diego Portales, Chile; maria.ansoleaga@udp.cl)

902 ## - CATALOGADOR

  • Catalogador: Víctor Ruiz/100226